[Event "Moscow Aeroflot op-B 16th"]
[Site "Moscow"]
[Date "2017.02.27"]
[Round "7"]
[White "Makoveev, Ilya"]
[Black "Sabirov, Temirjan"]
[Result "1/2-1/2"]
[WhiteElo "2202"]
[BlackElo "2340"]
[PlyCount "109"]
[EventDate "2017.02.21"]
[EventType "swiss"]
[EventRounds "9"]
[EventCountry "RUS"]
[SourceTitle "CBM 177 Extra"]
[Source "ChessBase"]
[SourceDate "2017.04.27"]
[SourceVersion "1"]
[SourceVersionDate "2017.04.27"]
[SourceQuality "1"]

1. e4 c5 2. Nf3 Nc6 3. d4 cxd4 4. Nxd4 Nf6 5. Nc3 g6 6. Be3 Bg7 7. Bc4 0-0 8. f3 d6 9. Qd2 Bd7 10. Bb3 a6 11. g4 b5 12. h4 Ne5 13. h5 Nc4 14. Bxc4 bxc4 15. hxg6 fxg6 16. Bh6 Rf7 17. Bxg7 Rxg7 18. Rd1 Qb6 19. Nde2 Rf8 20. Qd4 Qxb2 21. Qxc4+ Rgf7 22. e5 dxe5 23. g5 Bb5 24. Nxb5 axb5 25. Qe6 Nh5 26. c3 Ng7 27. Qd5 e6 28. Qxe5 Rxf3 29. Rd7 R3f7 30. Rxf7 Rxf7 31. Rh4 Qb1+ 32. Kd2 Qxa2+ 33. Ke1 Qb1+ 34. Kd2 Qf5 35. Qg3 e5 36. Rb4 Rd7+ 37. Ke1 Nh5 38. Qg2 Nf4 39. Qa8+ Kg7 40. Nxf4 exf4 41. Qe8 f3 42. Rb2 Rf7 43. Qe3 f2+ 44. Kf1 Kf8 45. Qg3 Kg7 46. Qe3 h6 47. gxh6+ Kh7 48. Qg3 Kxh6 49. Qh4+ Qh5 50. Qxh5+ gxh5 51. Rxb5 Rf3 52. Rb2 h4 53. Rxf2 Rxc3 54. Kg2 Kg5 55. Ra2 1/2-1/2

[Event "Moscow Aeroflot op-B 16th"]
[Site "Moscow"]
[Date "2017.02.23"]
[Round "3"]
[White "Sabirov, Temirjan"]
[Black "Khalafova, Narmin Ilgar Qizi"]
[Result "0-1"]
[WhiteElo "2340"]
[BlackElo "2250"]
[PlyCount "82"]
[EventDate "2017.02.21"]
[EventType "swiss"]
[EventRounds "9"]
[EventCountry "RUS"]
[SourceTitle "CBM 177 Extra"]
[Source "ChessBase"]
[SourceDate "2017.04.27"]
[SourceVersion "1"]
[SourceVersionDate "2017.04.27"]
[SourceQuality "1"]

1. Nf3 Nf6 2. d4 d5 3. Nc3 c5 4. dxc5 e6 5. e4 Bxc5 6. Bg5 Qb6 7. Bb5+ Bd7 8. Bxd7+ Nbxd7 9. 0-0 dxe4 10. Na4 Qc6 11. Nxc5 Qxc5 12. Be3 Qd5 13. Nd2 0-0 14. Qe2 Rfc8 15. Nb3 b6 16. Rac1 e5 17. Rfd1 Qe6 18. Qb5 Rc6 19. h3 Rac8 20. Rd2 h6 21. Rcd1 Nf8 22. Qa6 Qe7 23. c3 N6h7 24. Qb5 f5 25. Rd5 Re6 26. Bc1 Nf6 27. R5d2 f4 28. Qe2 Ng6 29. Rc2 Nh4 30. Nd2 Qb7 31. Qe1 f3 32. gxf3 exf3 33. Nf1 Ne4 34. Qe3 Rg6+ 35. Kh1 Nf5 36. Qd3 Rd6 37. Kh2 Rxd3 38. Rxd3 Nc5 39. Rd1 Qf7 40. Rcd2 Qg6 41. Ng3 Nxg3 0-1

[Event "Moscow Aeroflot op-B 16th"]
[Site "Moscow"]
[Date "2017.02.22"]
[Round "2"]
[White "Assaubayeva, Bibissara"]
[Black "Sabirov, Temirjan"]
[Result "1-0"]
[WhiteElo "2177"]
[BlackElo "2340"]
[PlyCount "75"]
[EventDate "2017.02.21"]
[EventType "swiss"]
[EventRounds "9"]
[EventCountry "RUS"]
[SourceTitle "CBM 177 Extra"]
[Source "ChessBase"]
[SourceDate "2017.04.27"]
[SourceVersion "1"]
[SourceVersionDate "2017.04.27"]
[SourceQuality "1"]

1. d4 Nf6 2. c4 c5 3. d5 d6 4. Nc3 g6 5. e4 Bg7 6. h3 0-0 7. Nf3 Nbd7 8. Bd3 e6 9. 0-0 exd5 10. exd5 Nh5 11. g4 Nhf6 12. Bf4 Ne8 13. Re1 Ndf6 14. Kg2 Qd7 15. Nh2 a6 16. a4 Nc7 17. Qf3 Rb8 18. Qg3 Rd8 19. a5 b5 20. axb6 Rxb6 21. Bc2 Nce8 22. Ba4 Qc7 23. Qh4 Bd7 24. Bg5 Bxa4 25. Nxa4 Rbb8 26. Nc3 Rd7 27. Rxa6 Rxb2 28. Nb5 Qd8 29. Rxe8+ Qxe8 30. Bxf6 Rb1 31. Nxd6 Qb8 32. Bxg7 Kxg7 33. Ne4 Rd8 34. g5 h5 35. gxh6+ Kh7 36. Qf6 Rg8 37. Qxf7+ Kh8 38. Nf6 1-0

[Event "Moscow op-A 13th"]
[Site "Moscow"]
[Date "2017.02.03"]
[Round "7"]
[White "Sabirov, Temirjan"]
[Black "Anu, Bayar"]
[Result "0-1"]
[WhiteElo "2340"]
[BlackElo "2031"]
[PlyCount "90"]
[EventDate "2017.01.28"]
[EventType "swiss"]
[EventRounds "9"]
[EventCountry "RUS"]
[SourceTitle "EXT 2018"]
[Source "ChessBase"]
[SourceDate "2017.10.13"]
[SourceVersion "1"]
[SourceVersionDate "2017.10.13"]
[SourceQuality "1"]

1. Nf3 Nf6 2. d4 c5 3. dxc5 Qa5+ 4. Nc3 g6 5. Qd3 Bg7 6. Qb5 Qxb5 7. Nxb5 Na6 8. Ne5 Ne4 9. Nd3 0-0 10. Be3 f5 11. f3 Nf6 12. Bd4 Nd5 13. e3 f4 14. Bxg7 Kxg7 15. e4 Ndb4 16. Nxb4 Nxb4 17. Na3 b6 18. c3 Na6 19. cxb6 axb6 20. 0-0-0 Nc5 21. Bb5 d6 22. Nc4 Rxa2 23. Nxb6 Be6 24. Nd5 Bxd5 25. exd5 Rb8 26. c4 Na4 27. Rhe1 Nxb2 28. Rd4 Ra1+ 29. Kd2 Rxe1 30. Kxe1 Ra8 31. Kd2 Na4 32. Rxf4 Nc5 33. Rg4 Kf6 34. Ke2 g5 35. h4 h6 36. hxg5+ hxg5 37. Kf2 Nd3+ 38. Kg3 Ra2 39. Kh2 Nf2 40. Bd7 Nxg4+ 41. Bxg4 Ra4 42. Be6 Rxc4 43. g3 Rc3 44. f4 gxf4 45. gxf4 Rf3 0-1